Gesetzliche Unfallversicherung SGB VII : Kommentar /

Saved in:
நூற்பட்டியல் விவரங்கள்
தலைமை எழுத்தாளர்: Kater, Horst.
மற்ற எழுத்தாளர்கள்: Leube, Konrad.
வடிவம்: புத்தகம்
மொழி:German
வெளியீடப்பட்டது: München : Verlag Franz Vahlen, 1997.
தொகுதி:Vahlens Kommentare.
பகுதிகள்:
குறியீடுகள்: குறிச்சொல் இணை
குறியீடுகள் இல்லை, இந்த குறிச்சொல்லை முதலில் பதிவு செய்யுங்கள்!
LEADER 00749nam a2200253 a 4500
001 007710035-2
005 20020606104010.5
008 980218s1997 gw l 001|0 ger d
020 |a 3800621711 
035 0 |a ocm41892800 
040 |a MH-L  |c MH-L 
050 0 0 |a KK3350.A271996  |b K38 1997 
100 1 |a Kater, Horst. 
245 1 0 |a Gesetzliche Unfallversicherung SGB VII :  |b Kommentar /  |c von Horst Kater, Konrad Leube. 
260 |a München :  |b Verlag Franz Vahlen,  |c 1997. 
300 |a xxii, 1177 p. ;  |c 23 cm. 
490 1 |a Vahlens Kommentare 
500 |a Includes index. 
650 0 |a Accident insurance  |z Germany. 
655 7 |a Statutes and codes.  |2 lcgft 
700 1 |a Leube, Konrad. 
830 0 |a Vahlens Kommentare. 
988 |a 20020608 
906 |0 MH